Normal view
MARC view
- URDU ADAB-FICTION.SAFAR NAMA-PAKISTAN SAY DIARAAY HARAM TAK
Entry Topical Term
001 - CONTROL NUMBER
- control field: 59005
003 - CONTROL NUMBER IDENTIFIER
- control field: NUST
005 - DATE AND TIME OF LATEST TRANSACTION
- control field: 20210628202241.0
008 - FIXED-LENGTH DATA ELEMENTS
- fixed length control field: 210628|| aca||aabn | a|a d
040 ## - CATALOGING SOURCE
- Original cataloging agency: NUST
- Transcribing agency: NUST
150 ## - HEADING--TOPICAL TERM
- Topical term or geographic name entry element: URDU ADAB-FICTION.SAFAR NAMA-PAKISTAN SAY DIARAAY HARAM TAK
670 ## - SOURCE DATA FOUND
- Source citation: Work cat.: (NUST): Nasim Hijazi 1042, Pakistan say diaraay haram tak, 1999
